[Event "Villamaria op 2nd"]
[Site "Villamaria"]
[Date "2016.07.04"]
[Round "7"]
[White "Chisco, Juan Esteban"]
[Black "Quintero Cortes, Santiago"]
[Result "1-0"]
[WhiteElo "1419"]
[BlackElo "1600"]
[PlyCount "29"]
[EventDate "2016.07.02"]
[EventType "swiss"]
[EventRounds "7"]
[EventCountry "COL"]
[SourceTitle "CBM 173 Extra"]
[Source "ChessBase"]
[SourceDate "2016.08.29"]
[SourceVersion "1"]
[SourceVersionDate "2016.08.29"]
[SourceQuality "1"]

1. e4 e5 2. Nf3 Nc6 3. Bb5 a6 4. Ba4 Nf6 5. 0-0 b5 6. Bb3 d6 7. Re1 Be7 8. c3 0-0 9. Bc2 Na5 10. d3 c5 11. Nbd2 Re8 12. Nf1 Bg4 13. h3 Bh5 14. Ng3 Bg6 15. Nf5 1-0

[Event "Villamaria op 2nd"]
[Site "Villamaria"]
[Date "2016.07.03"]
[Round "4"]
[White "Quintero Cortes, Santiago"]
[Black "Becerra Fonseca, Camila Andrea"]
[Result "1-0"]
[WhiteElo "1600"]
[BlackElo "1324"]
[PlyCount "79"]
[EventDate "2016.07.02"]
[EventType "swiss"]
[EventRounds "7"]
[EventCountry "COL"]
[SourceTitle "CBM 173 Extra"]
[Source "ChessBase"]
[SourceDate "2016.08.29"]
[SourceVersion "1"]
[SourceVersionDate "2016.08.29"]
[SourceQuality "1"]

1. e4 c5 2. a3 d6 3. b4 b6 4. Bc4 e6 5. Nc3 Nf6 6. Nf3 d5 7. exd5 exd5 8. Bb3 a6 9. 0-0 c4 10. Ba2 Be7 11. d3 b5 12. Nd4 0-0 13. a4 Bxb4 14. Bb2 Bd7 15. Qf3 bxa4 16. Nxd5 Nxd5 17. Qxd5 Ra7 18. Qxc4 Qe7 19. c3 Rc8 20. Qxb4 Qg5 21. Nf3 Qg6 22. Ne5 Qf6 23. Nxf7 Nc6 24. Ne5+ Be6 25. Nxc6 Rac7 26. Bxe6+ Qxe6 27. Nd4 Qg6 28. Rfd1 Rc5 29. Rxa4 h5 30. c4 h4 31. Nf3 Rh5 32. Qb7 Rf8 33. h3 Rf4 34. Rxa6 Qh7 35. Ra8+ Rf8 36. Rxf8+ Kxf8 37. Ba3+ Kg8 38. Qc8+ Kf7 39. Qd7+ Kg6 40. Qe6# 1-0

[Event "Villamaria op 2nd"]
[Site "Villamaria"]
[Date "2016.07.02"]
[Round "1"]
[White "Guzman, River"]
[Black "Quintero Cortes, Santiago"]
[Result "1-0"]
[WhiteElo "1883"]
[BlackElo "1600"]
[PlyCount "87"]
[EventDate "2016.07.02"]
[EventType "swiss"]
[EventRounds "7"]
[EventCountry "COL"]
[SourceTitle "CBM 173 Extra"]
[Source "ChessBase"]
[SourceDate "2016.08.29"]
[SourceVersion "1"]
[SourceVersionDate "2016.08.29"]
[SourceQuality "1"]

1. e4 e5 2. Nf3 d6 3. Bc4 Be7 4. 0-0 Nf6 5. Re1 0-0 6. h3 Be6 7. Bxe6 fxe6 8. d4 exd4 9. Nxd4 Qc8 10. Nc3 e5 11. Nf5 Nc6 12. Bg5 Qd7 13. Qd3 Nd8 14. Nxe7+ Qxe7 15. Nd5 Qf7 16. Bxf6 gxf6 17. Re3 Nc6 18. Rf3 Kh8 19. Rxf6 Qg7 20. Rxf8+ Rxf8 21. c3 Nd8 22. Ne3 Qf7 23. Nf5 Ne6 24. Qd5 Nc5 25. Qxf7 Rxf7 26. f3 Nd3 27. Rd1 Nf4 28. Kh2 Ng6 29. c4 Ne7 30. Ne3 b6 31. Nd5 Nc6 32. Rd3 Nd4 33. Kg3 Ne2+ 34. Kf2 Nd4 35. Ne3 Kg7 36. Nd5 Kh8 37. Rd2 Kg7 38. Ke3 Ne6 39. b4 Kf8 40. b5 h5 41. Rf2 h4 42. f4 Ke8 43. fxe5 dxe5 44. Rf5 1-0